| 000 | 00578cam a22002177a 4500 | ||
|---|---|---|---|
| 001 | 001378 | ||
| 003 | armpunfd | ||
| 005 | 20150908123503.0 | ||
| 008 | 040206e0####xx#a##########000#0##nd#d | ||
| 040 |
_aarmpunfd _carmpunfd |
||
| 080 | _a347.93 C 125 | ||
| 100 | 1 | 0 | _a Calamandrei, Piero |
| 245 | 1 | 0 | _aDe las buenas relaciones entre los jueces y los abogados |
| 260 |
_a Buenos Aires : _b Depalma, _c1983. |
||
| 300 | _a115 p. | ||
| 650 | 7 |
_a Abogados _2LEMB |
|
| 650 | 7 |
_a Jueces _2LEMB |
|
| 650 | 7 |
_a Proceso Civil _2LEMB |
|
| 942 |
_cLB _2cdu |
||
| 945 |
_asa _d2012-11-23 |
||
| 999 |
_c1369 _d231873 |
||